Floorspace and rateable value of commercial and industrial properties 1 April 2008, (England and Wales) (Record no. 109410)

MARC details
000 -LEADER
fixed length control field 01453cad a22002415a 4500
001 - CONTROL NUMBER
control field L147028
008 - FIXED-LENGTH DATA ELEMENTS--GENERAL INFORMATION
fixed length control field 090324s2009 xxk f s f000 0 eng d
035 ## - SYSTEM CONTROL NUMBER
System control number (Sirsi) u147028
041 0# - LANGUAGE CODE
Language code of text/sound track or separate title eng
050 04 - LIBRARY OF CONGRESS CALL NUMBER
Classification number 333.32 $2 18
110 2# - MAIN ENTRY--CORPORATE NAME
Corporate name or jurisdiction name as entry element United Kingdom
Subordinate unit Department for Communities and Local Government
9 (RLIN) 4939
245 00 - TITLE STATEMENT
Title Floorspace and rateable value of commercial and industrial properties 1 April 2008, (England and Wales)
Medium [electronic resource]
260 ## - PUBLICATION, DISTRIBUTION, ETC.
Place of publication, distribution, etc. London
-- CLG
Date of publication, distribution, etc. 2009
490 #0 - SERIES STATEMENT
Series statement DCLG Floorspace and rateable value of commercial and industrial properties
Volume/sequential designation 1 April 2008
520 ## - SUMMARY, ETC.
Summary, etc. Reports that the total floorspace of commercial and industrial bulk class properties in England and Wales was 596m m2, very similar to the amount of floorspace at 1 April 2007 (597m m2). Finds the North West has the highest percentage of available floorspace (14%) and the North East has the lowest (5%). The average rateable value of commercial and industrial bulk class properties in England and Wales was £65 per m2, but this varies considerably from region to region.
521 ## - TARGET AUDIENCE NOTE
Target audience note Advanced
590 ## - LOCAL NOTE (RLIN)
Local note KA NTK
650 24 - SUBJECT ADDED ENTRY--TOPICAL TERM
Topical term or geographic name entry element DCLG FLOORSPACE AND RATEABLE VALUE OF COMMERCIAL AND INDUSTRIAL PROPERTIES
651 #4 - SUBJECT ADDED ENTRY--GEOGRAPHIC NAME
Geographic name England and Wales
Chronological subdivision 1543-
690 ## - LOCAL SUBJECT ADDED ENTRY--TOPICAL TERM (OCLC, RLIN)
Topical term or geographic name as entry element PROPERTY-COMMERCIAL PROPERTY
856 40 - ELECTRONIC LOCATION AND ACCESS
Uniform Resource Identifier <a href="https://www.communities.gov.uk/publications/corporate/statistics/floorspace2008">https://www.communities.gov.uk/publications/corporate/statistics/floorspace2008</a>
Public note View the document at www.communities.gov.uk
942 ## - ADDED ENTRY ELEMENTS (KOHA)
Suppress in OPAC 0
Holdings
Withdrawn status Lost status Source of classification or shelving scheme Damaged status Not for loan Home library Current library Shelving location Date acquired Total Checkouts Full call number Barcode Date last seen Copy number Price effective from Koha item type
    Dewey Decimal Classification     Virtual Virtual Online 24/03/2009   ONLINE PUBLICATION 147028-1001 06/08/2019 1 06/08/2019 Book